tomo quarto de las dominicas del padre Luis Burdalue, de la extinguida compañía llamada de Jesús, nuevamente traducidas del...

Detalles Bibliográficos
Autor principal: BURDALUE, Luis
Formato: Libro
Publicado: Madrid 1777
Materias:
Colección:Banco de datos
Acervo:Biblioteca del Ex Convento de Nuestra Señora de Guadalupe. Zacatecas
Descripción Física:t. VIII
Tema general:Homilética
Notas:Regular. VII,4,4(2046). Ex libris manuscrito del fray J. Cabrera, junto a otro en sello de J. Domingo Gandarilla en la portada. Sin marca de fuego
LEADER 00936nam a22002050004500
035 |a 40755 
036 |a 1939 
100 1 |a BURDALUE, Luis 
245 1 0 |a tomo quarto de las dominicas del padre Luis Burdalue, de la extinguida compañía llamada de Jesús, nuevamente traducidas del...  |c tr. Miguel del Castillo 
260 |a Madrid  |b ed. Manuel de Godos, imp. Antonio Fernández  |c 1777 
300 |a t. VIII 
500 |a Regular. VII,4,4(2046). Ex libris manuscrito del fray J. Cabrera, junto a otro en sello de J. Domingo Gandarilla en la portada. Sin marca de fuego 
650 1 0 |a Homilética 
949 |a CRZ-CG 
959 |a Ex convento de Nuestra Señora de Guadalupe, Museo Regional de Zacatecas, Zacatecas  |b CCC4 
960 |a Convento de Nuestra Señora de Guadalupe, Zacatecas  |b DD87 
961 |a Franciscana  |b OF 
942 |c CRZ-CG 
943 |g Biblioteca del Ex Convento de Nuestra Señora de Guadalupe. Zacatecas 
999 |c 964882  |d 964882